Rafael Nadal Grand Slam Final Opponents - Sudden Death - Statistics

General Stats
  • This quiz has been taken 373 times
  • The average score is 6 of 11
Answers on the Grid
Answers color-coded by a green-red scale on the quiz's grid according to % correct below.
Alexander Zverev
Andre Agassi
Andy Murray
Andy Roddick
Carlos Alcaraz
Carlos Moyá
Casper Ruud
Daniil Medvedev
David Ferrer
Dominic Thiem
Fernando González
Fernando Verdasco
Jannik Sinner
John Isner
John McEnroe
Juan Martín del Potro
Kei Nishikori
Kevin Anderson
Lleyton Hewitt
Marat Safin
Mariano Puerta
Milos Raonic
Nick Kyrgios
Novak Djokovic
Pete Sampras
Robin Söderling
Roger Federer
Stan Wawrinka
Stefanos Tsitsipas
Tomáš Berdych
 
Answer Stats
Answer % Correct
Roger Federer
88%
Novak Djokovic
85%
Daniil Medvedev
65%
Casper Ruud
63%
Dominic Thiem
63%
Stan Wawrinka
60%
David Ferrer
52%
Robin Söderling
46%
Tomáš Berdych
46%
Kevin Anderson
41%
Mariano Puerta
38%
No matching quizzes found
Score Distribution
Percent of People with Each Score
Percentile by Number Answered
Your Score History
You have not taken this quiz